<?xml version="1.0" encoding="UTF-8"?>
<record
    xmlns:xsi="http://www.w3.org/2001/XMLSchema-instance"
    xsi:schemaLocation="http://www.loc.gov/MARC21/slim http://www.loc.gov/standards/marcxml/schema/MARC21slim.xsd"
    xmlns="http://www.loc.gov/MARC21/slim">

  <leader>01065nam a2200289 a 4500</leader>
  <controlfield tag="001">25960</controlfield>
  <controlfield tag="003">BD-RjUL</controlfield>
  <controlfield tag="005">20211209050942.0</controlfield>
  <controlfield tag="008">170208r19731924ii            000 0 eng d</controlfield>
  <datafield tag="035" ind1=" " ind2=" ">
    <subfield code="a">(BD-RjUL)26030</subfield>
  </datafield>
  <datafield tag="040" ind1=" " ind2=" ">
    <subfield code="a">FDA</subfield>
    <subfield code="c">FDA</subfield>
    <subfield code="d">OCLCQ</subfield>
    <subfield code="d">UkOxU</subfield>
    <subfield code="d">BD-RjUL</subfield>
    <subfield code="b">eng</subfield>
  </datafield>
  <datafield tag="041" ind1=" " ind2=" ">
    <subfield code="a">eng</subfield>
  </datafield>
  <datafield tag="082" ind1=" " ind2="4">
    <subfield code="a">954.029</subfield>
    <subfield code="2">23</subfield>
    <subfield code="b">KHH 1973</subfield>
  </datafield>
  <datafield tag="100" ind1="1" ind2=" ">
    <subfield code="a">Khan, Gholam Hussein</subfield>
    <subfield code="d">1727 or 1728-</subfield>
    <subfield code="9">190206</subfield>
  </datafield>
  <datafield tag="245" ind1="1" ind2="4">
    <subfield code="a">The history of Mohamedan power in India durng the 18th century =</subfield>
    <subfield code="b">Mir Gholam Hussein Khan's The siyar-ul-mutakherin /</subfield>
    <subfield code="c">Gholam Hussein Khan ; English translation by Johns Briggs</subfield>
  </datafield>
  <datafield tag="250" ind1=" " ind2=" ">
    <subfield code="a">2nd ed.</subfield>
  </datafield>
  <datafield tag="260" ind1=" " ind2=" ">
    <subfield code="a">Delhi :</subfield>
    <subfield code="b">Idarah-I Adabiyat-I Delli,</subfield>
    <subfield code="c">1924 [Reprint 1973]</subfield>
  </datafield>
  <datafield tag="300" ind1=" " ind2=" ">
    <subfield code="a">ix, 310 p. ;</subfield>
    <subfield code="c">19 cm.</subfield>
  </datafield>
  <datafield tag="490" ind1=" " ind2=" ">
    <subfield code="a">IAD oriental series ;</subfield>
    <subfield code="v">15</subfield>
  </datafield>
  <datafield tag="650" ind1=" " ind2=" ">
    <subfield code="a">Mogul Empire</subfield>
    <subfield code="9">190207</subfield>
  </datafield>
  <datafield tag="651" ind1=" " ind2="0">
    <subfield code="a">India</subfield>
    <subfield code="x">Mogul Empire</subfield>
    <subfield code="9">190147</subfield>
  </datafield>
  <datafield tag="651" ind1=" " ind2="0">
    <subfield code="a">India</subfield>
    <subfield code="x">History</subfield>
    <subfield code="y">British occupation, 1765-1947.</subfield>
    <subfield code="9">171367</subfield>
  </datafield>
  <datafield tag="651" ind1=" " ind2="0">
    <subfield code="a">India</subfield>
    <subfield code="x">History</subfield>
    <subfield code="y">18th century.</subfield>
    <subfield code="9">190200</subfield>
  </datafield>
  <datafield tag="700" ind1=" " ind2=" ">
    <subfield code="a">Briggs, Johns </subfield>
    <subfield code="9">190208</subfield>
  </datafield>
  <datafield tag="830" ind1=" " ind2="0">
    <subfield code="a">IAD oriental series ;</subfield>
    <subfield code="v">15</subfield>
    <subfield code="9">190210</subfield>
  </datafield>
  <datafield tag="942" ind1=" " ind2=" ">
    <subfield code="2">ddc</subfield>
    <subfield code="c">BK</subfield>
  </datafield>
  <datafield tag="999" ind1=" " ind2=" ">
    <subfield code="c">25960</subfield>
    <subfield code="d">25960</subfield>
  </datafield>
  <datafield tag="952" ind1=" " ind2=" ">
    <subfield code="0">0</subfield>
    <subfield code="1">0</subfield>
    <subfield code="2">ddc</subfield>
    <subfield code="4">0</subfield>
    <subfield code="7">1</subfield>
    <subfield code="8">NFIC</subfield>
    <subfield code="a">RUCL</subfield>
    <subfield code="b">RUCL</subfield>
    <subfield code="c">Reading</subfield>
    <subfield code="d">1974-06-25</subfield>
    <subfield code="e">Indian Govt.</subfield>
    <subfield code="l">0</subfield>
    <subfield code="o">954.029 KHH 1973</subfield>
    <subfield code="r">2017-02-08 00:00:00</subfield>
    <subfield code="t">C-1</subfield>
    <subfield code="w">2017-02-08</subfield>
    <subfield code="y">BK</subfield>
  </datafield>
</record>
